000
00218nam a2200097Ia 4500
008
190216s9999||||xx |||||||||||||| ||und||
100
_a
T G Madavan Kutty
245
0
_a
Mahacharithamala 80
260
_b
Null
942
_c
BK
999
_c
25593
_d
25593